|
|
|
|
| LEADER |
00000cam a2200000 a 4500 |
| 001 |
vtls011598115 |
| 003 |
SK-MaSNL |
| 005 |
20260301140929.0 |
| 008 |
200612s2016 xo f n 001 0dslo |
| 015 |
|
|
|a SNBA2017/02
|
| 020 |
|
|
|a 9788081191008
|q (brož.)
|
| 035 |
|
|
|a urn:nbn:sk:snk-am00djj0
|
| 035 |
|
|
|a urn:nbn:sk:snk-am3i48x
|
| 035 |
|
|
|a C6284132-A41A-4359-8BE0-876DED2CE812
|
| 040 |
|
|
|a SNK
|b slo
|c SNK
|e AACR2
|
| 041 |
0 |
|
|a slo
|b ger
|b eng
|
| 044 |
|
|
|a xo
|c SK
|
| 072 |
|
7 |
|a 82.0
|x Literatúra (teória)
|2 konspekt
|
| 072 |
|
7 |
|a 821.162.4.09
|x Slovenská literatúra (o nej)
|2 konspekt
|
| 080 |
|
|
|a 82.0
|2 2011
|
| 080 |
|
|
|a 165.12
|2 2001
|
| 080 |
|
|
|a 821.162.4
|2 2011
|
| 080 |
|
|
|a (048.8:082)
|2 2011
|
| 080 |
|
|
|a 002
|2 2011
|
| 245 |
0 |
0 |
|a Autor a subjekt
|c Ľubica Schmarcová (zost.) ; [texty Karol Csiba ... [et al.]]
|
| 250 |
|
|
|a 1. vyd.
|
| 260 |
|
|
|a Bratislava
|b Literárne informačné centrum
|c 2016
|
| 300 |
|
|
|a 275 s.
|c 21 cm
|
| 500 |
|
|
|a Biografické údaje
|
| 504 |
|
|
|a Bibliogr. ; bibliogr. odkazy ; men. reg. ; pozn.
|
| 546 |
|
|
|a Resumé nemecky a anglicky
|
| 648 |
|
7 |
|a 19.-20. stor.
|2 SNKPH
|9 268609
|
| 648 |
|
7 |
|a 19th-20th centuries
|2 SNKPHeng
|9 282960
|
| 650 |
0 |
7 |
|a teória literatúry
|2 SNKPH
|9 1238
|
| 650 |
0 |
7 |
|a subjektivita
|2 SNKPH
|9 71844
|
| 650 |
0 |
7 |
|a slovenská literatúra
|2 SNKPH
|9 1115
|
| 650 |
0 |
7 |
|a Theory of literature
|2 SNKPHeng
|9 283113
|
| 650 |
0 |
7 |
|a Subjectivity
|2 SNKPHeng
|9 436626
|
| 650 |
0 |
7 |
|a Slovak literature
|2 SNKPHeng
|9 265073
|
| 650 |
0 |
7 |
|a autorstvo
|2 SNKPH
|9 26861
|
| 650 |
0 |
7 |
|a Authorship
|2 SNKPHeng
|9 494248
|
| 655 |
|
7 |
|a kolektívne monografie
|2 SNKPH
|9 249850
|
| 655 |
|
7 |
|a Collective monographs
|2 SNKPHeng
|9 125747
|
| 700 |
1 |
|
|a Schmarcová, Ľubica,
|d 1979-
|4 com
|4 aut
|9 165319
|
| 700 |
1 |
|
|a Csiba, Karol,
|d 1975-
|4 aut
|9 106500
|
| 700 |
1 |
|
|a Horváth, Tomáš,
|d 1971-
|4 aut
|9 103763
|
| 700 |
1 |
|
|a Hučková, Dana,
|d 1965-
|4 aut
|9 164314
|
| 700 |
1 |
|
|a Mikulová, Marcela,
|d 1951-
|4 aut
|9 110720
|
| 700 |
1 |
|
|a Paštéková, Jelena,
|d 1951-
|4 aut
|9 112025
|
| 700 |
1 |
|
|a Pácalová, Jana,
|d 1979-
|4 aut
|9 22243
|
| 700 |
1 |
|
|a Prušková, Zora,
|d 1958-
|4 aut
|9 111967
|
| 700 |
1 |
|
|a Taranenková, Ivana,
|d 1976-
|4 aut
|9 103944
|
| 852 |
|
|
|a Štátna vedecká knižnica v Banskej Bystrici
|
| 919 |
|
|
|a 978-80-8119-100-8
|
| 958 |
|
|
|a LX
|
| 958 |
|
|
|a NB
|
| 999 |
|
|
|c 765481
|d 767411
|
| 952 |
|
|
|a SNK
|b SNK
|y PREZ
|7 0
|p 17A1251937
|o snkSC 172885
|i snk2017/2740
|8 0
|0 0
|1 0
|4 0
|d 2017-01-31
|f 1
|l 0
|r 2025-09-11 00:00:00
|w 2026-02-24
|
| 952 |
|
|
|a SNK
|b SNK
|y VYP
|7 0
|p 17A1251938
|o snkSC 172885 D1
|i snk2017/2741
|8 0
|0 0
|1 0
|4 0
|d 2017-01-31
|l 0
|r 2026-02-24 00:17:45
|w 2026-02-24
|